| 000 | 01500nam a2200241 a 4500 | ||
|---|---|---|---|
| 008 | 130415s2004 ||||||||||||||||| || u | ||
| 020 | _a9780761941408 | ||
| 050 | _aLB 2369 Wal | ||
| 100 | _aWalliman, Nicholas | ||
| 245 | 1 | 0 |
_aYour undergraduate dissertation: the essential guide for success _cby Nicholas Walliman |
| 260 |
_aLondon: _bSAGE Publications _c2004 |
||
| 300 | _axvii, 275p.: ill. | ||
| 350 | _a49.00 | ||
| 490 | _aSAGE Study Skills | ||
| 650 | 0 | _aDISSERTATIONS, ACADEMIC | |
| 650 | _aACADEMIC WRITING | ||
| 995 |
_aMAIN LIBRARY OPEN ACCESS _e743939 _FCBU-MAIN LIBRARY (Kitwe) _jLB 2369 Wal _M2 _UAVAILABLE _WJun 13, 2013 _y743939 _ZMain Library Open Access Collection |
||
| 995 |
_aANNEX COLLECTION (Main Library) _e743613 _FCBU-MAIN LIBRARY (Kitwe) _jLB 2369 Wal _M1 _UAVAILABLE _WJun 13, 2013 _y743613 _ZAnnex Low-Usage Collection |
||
| 995 |
_aMAIN LIBRARY OPEN ACCESS _e744379 _FCBU-MAIN LIBRARY (Kitwe) _jLB 2369 Wal _M3 _UAVAILABLE _WSep 5, 2013 _y744379 _ZMain Library Open Access Collection |
||
| 995 |
_aMAIN LIBRARY OPEN ACCESS _e745033 _FCBU-MAIN LIBRARY (Kitwe) _I49.00 _jLB 2369 Wal _M4 _UAVAILABLE _WMar 24, 2015 _y745033 _ZMain Library Open Access Collection |
||
| 995 |
_aMAIN LIBRARY OPEN ACCESS _e745034 _FCBU-MAIN LIBRARY (Kitwe) _I49.00 _jLB 2369 Wal _M5 _UAVAILABLE _WMar 24, 2015 _y745034 _ZMain Library Open Access Collection |
||
| 995 |
_aANNEX COLLECTION (Main Library) _e745035 _FCBU-MAIN LIBRARY (Kitwe) _I49.00 _jLB 2369 Wal _M6 _UAVAILABLE _WMar 24, 2015 _y745035 _ZAnnex Low-Usage Collection |
||
| 999 |
_c83351 _d83351 |
||